|
|
|
|
| LEADER |
00938nam a2200265 a 4500 |
| 001 |
3893 |
| 003 |
BD-DhAAL |
| 008 |
150910s1996 nyua 000 0 eng d |
| 020 |
|
|
|a 0070468222
|
| 020 |
|
|
|a 0070468230
|
| 040 |
|
|
|a DLC
|c DLC
|d BD-DhAAL
|
| 082 |
|
|
|a 338.5
|2 21
|
| 100 |
1 |
|
|a Walstad, William B
|9 14562
|
| 245 |
1 |
0 |
|a Study guide to accompany McConnell and BrueMicroeconomic /
|c William B. Walstad, Robert C. Bingham
|
| 250 |
|
|
|a 13th ed.
|
| 260 |
|
|
|a New York :
|b McGraw-Hill,
|c c1996
|
| 300 |
|
|
|a xii, 305 p. :
|b ill. ;
|c 26 cm
|
| 541 |
1 |
|
|e 3893
|
| 650 |
|
0 |
|a Microeconomics
|9 14563
|
| 700 |
1 |
|
|a Bingham, Robert C.
|9 7934
|
| 700 |
1 |
|
|a McConnell, Campbell R.
|9 10780
|
| 700 |
|
|
|a Brue, Stanley L.,
|9 14564
|
| 942 |
|
|
|2 ddc
|c BK
|
| 999 |
|
|
|c 35499
|d 35499
|
| 952 |
|
|
|0 0
|1 0
|2 ddc
|4 0
|6 338_500000000000000_WAL
|7 0
|9 55833
|a SCL
|b SCL
|c GEN
|d 2015-09-10
|e Gift: The Asia Foundation
|l 1
|o 338.5 WAL
|p 3020003893
|r 2024-09-06
|s 2024-09-05
|t 1
|w 2015-09-10
|y BK
|